| 000 | 00579nam a22002297a 4500 | ||
|---|---|---|---|
| 003 | OSt | ||
| 005 | 20140310182936.0 | ||
| 008 | 130201t xxu||||| |||| 00| 0 eng d | ||
| 020 | _a9711181355 | ||
| 050 |
_aR 724 _b.T482 2003 |
||
| 100 | _aTimbreza, Florentino T. | ||
| 245 |
_aBioethics and moral decisions / _cFlorentino T. Timbreza. |
||
| 260 |
_aManila : _bDe La Salle University Press, _c2005. |
||
| 300 |
_a239 p. : _c23 cm. |
||
| 521 | _aNUR | ||
| 562 | _e4 | ||
| 942 |
_2lcc _cBK _kLOC |
||
| 999 |
_c17615 _d17615 |
||